00454nam a22001697a 4500999001900000005001700019010001300036020002300049035001300072037002800085082001200113100001700125245003300142260004300175300004000218942002600258 c163975d16397520190507174349.0 aB-274888 a8180542890c410.00 aB-274888 bSultan Chand {And} Song a657.425 aSaxena, V.K. aCost accountingcV.K. Saxena aNew DelhibSultan Chand And Songc2005 a486p (it include index)c24cm (hbk) 2ddccENh657.425mSAX